Una epistemología del sur: la reinvención del conocimiento y la emancipación social /
Se aborda la noción de epistemología del Sur como la búsqueda de conocimientos y criterios de validez del conocimiento que otorguen visibilidad y credibilicen las prácticas cognitivas de las clases, de los pueblos y de los grupos sociales que han sido históricamente victimizados, explotados y oprimi...
Gespeichert in:
| 1. Verfasser: | |
|---|---|
| Format: | Unbekannt |
| Sprache: | Spanish |
| Veröffentlicht: |
México :
CLACSO ; Siglo XXI,
2009
|
| Schriftenreihe: | Sociología y política
|
| Schlagworte: | |
| Tags: |
Tag hinzufügen
Keine Tags, Fügen Sie den ersten Tag hinzu!
|
MARC
| LEADER | 00000 a2200000 04500 | ||
|---|---|---|---|
| 001 | 41434 | ||
| 003 | cru CIDCACS/IIS | ||
| 005 | 20230707102154.0 | ||
| 008 | 050701s2009 mx spa d | ||
| 020 | |a 978-607-03-0056-1 | ||
| 040 | |c CRAI/IIS | ||
| 090 | |a 02.02.02 S725e | ||
| 100 | |a Sousa Santos, Boaventura de | ||
| 245 | |a Una epistemología del sur: |b la reinvención del conocimiento y la emancipación social / |c Boaventura de Sousa Santos ; José Guadalupe Gandarilla Salgado, editor | ||
| 260 | |a México : |b CLACSO ; Siglo XXI, |c 2009 | ||
| 300 | |a 368 páginas | ||
| 440 | |a Sociología y política | ||
| 520 | |a Se aborda la noción de epistemología del Sur como la búsqueda de conocimientos y criterios de validez del conocimiento que otorguen visibilidad y credibilicen las prácticas cognitivas de las clases, de los pueblos y de los grupos sociales que han sido históricamente victimizados, explotados y oprimidos por el colonialismo y el capitalismo globales. Se plantea que no habrá justicia social global sin justicia cognitiva global, que el capitalismo y el colonialismo continúan profundamente entrelazados, aunque las formas de articulación hayan variado a lo largo del tiempo, y que la epistemología del Sur apunta fundamentalmente a prácticas de conocimiento que permitan intensificar la voluntad de transformación social. | ||
| 590 | |a DISEMINAR082011/EFU/SETIEMBRE2011 | ||
| 650 | |a EPISTEMOLOGIA | ||
| 650 | |a COLONIALISMO | ||
| 650 | |a CAPITALISMO | ||
| 650 | |a POSTMODERNISMO | ||
| 650 | |a TEORIA | ||
| 650 | |a SOCIOLOGIA | ||
| 942 | |2 ddc |c LI |h 02.02.02 S725e |i 12381 |6 020202_S725E_12381 | ||
| 999 | |c 7677 |d 7677 | ||



